000 01197nam0a22002651 4500
001 rc\4982006
005 20130430131446.9
021 _aRU
_bРг2610-65
035 _a(NLR Aleph) 008968475
090 _a9109422
_c9109422
100 _a20130430d1964 |||y0rusy50 ca
101 0 _arus
102 _aRU
105 _aa c |||||
200 1 _aРуководящие указания по оздоровлению условий труда при работе с пневматическим ручным инструментом в судостроении
_fГос. ком. по судостроению СССР. Ордена Труд. Красного Знамени центр. науч.-исслед. ин-т технологии судостроения
210 _a[Москва]
_cБ. и.
_d1964
215 _a40 с.
_cил.
_d22
300 _aНа обороте тит. л. сост.: Ю.С. Корюкаев
702 1 _aКорюкаев
_bЮ. С.
_4220
712 0 2 _aЦНИИ технологии судостроения
_cЛенинград
_3RU\NLR\AUTH\889998026
801 0 _aRU
_bNLR
_gpsbo
801 1 _aRU
_bELAR
_2rusmarc
852 _aNLR
_j65-6/3545
942 _cBOOK
980 _aNB